00305nam a2200121Ia 4500008004100000082001800041100001400059245004200073250000800115260003600123300000800159650001600167191201s2003 xx 000 0 und d a621.3822bSAE aSARKAR, N 0aElements of Digital Signal Processing a2nd aN.DelhibKhanna Publisherc2003 a775 aB.Tech(ECE)